000 00445nab a2200145Ia 4500
003 ES-SlBCS
005 20210601131740.0
008 140529s1932 xxu||||| |||| 00| 0 fre d
041 _afre
100 1 _aPontevès, C. de
_9188549
245 0 0 _aLéon Ollé-Laprune, moraliste chrétien
_c C. de Pontevès
650 0 4 _aMoralismo Cristiano
_9188550
773 0 _tVie Intelectuelle (La)
_gvol. 16, nº. 1-2, 1932, págs. 84-86
_wRev907
942 _cAR
999 _c568147
_d568147